[Event "World ol U16"]
[Site "Nakhchivan"]
[Date "2022.10.05"]
[Round "4.13"]
[White "Wang, Pei Shan"]
[Black "Adamovics, Aleksejs"]
[Result "1/2-1/2"]
[WhiteElo "1315"]
[BlackElo "2037"]
[PlyCount "169"]
[EventDate "2022.10.02"]
[EventType "team-swiss"]
[EventRounds "9"]
[EventCountry "AZE"]
[SourceTitle "CBM 210 Extra"]
[Source "ChessBase"]
[SourceDate "2022.11.30"]
[SourceVersion "1"]
[SourceVersionDate "2022.11.30"]
[SourceQuality "1"]
[WhiteTeam "South Africa III"]
[BlackTeam "Latvia"]
[WhiteTeamCountry "RSA"]
[BlackTeamCountry "LAT"]

1. e4 c5 2. Nf3 Nc6 3. Bb5 e6 4. 0-0 Nge7 5. Re1 a6 6. Bf1 d5 7. d3 Ng6 8. exd5 Qxd5 9. Nc3 Qd8 10. Ne4 Be7 11. b3 0-0 12. Bb2 Nd4 13. c3 Nxf3+ 14. Qxf3 Bd7 15. Qe3 Qc7 16. Rad1 Rad8 17. d4 cxd4 18. Rxd4 Bc6 19. Red1 e5 20. Rxd8 Rxd8 21. Rxd8+ Qxd8 22. Ng3 Qa5 23. a4 Qd8 24. Qd3 Qb6 25. Qc2 Nf4 26. b4 Bd7 27. Bc1 Qc7 28. Qb3 Be6 29. Qb2 Nd5 30. Bd2 Nb6 31. a5 Nc4 32. Qc1 Nd6 33. Qe1 f6 34. Bd3 Qc6 35. f4 Qd5 36. fxe5 Qxd3 37. exf6 Kf7 38. fxe7 Kxe7 39. Qe3 Qxe3+ 40. Bxe3 Nf5 41. Bc5+ Kd7 42. Nh5 Bf7 43. Nf4 g5 44. Nd3 Ke6 45. Kf2 Kd5 46. Nb2 Ke4 47. Bf8 Bb3 48. Bc5 Ba2 49. g4 Ng7 50. c4 Ne6 51. Be3 Nf4 52. b5 Ng6 53. bxa6 bxa6 54. c5 Ne5 55. h3 Nc6 56. Na4 Bb3 57. Nb6 Nxa5 58. Bxg5 Nc6 59. Bf6 a5 60. Bb2 a4 61. Nd7 Bc2 62. Kg3 Kd5 63. Ba3 Nd4 64. Nb8 Bd3 65. Nd7 Nc2 66. c6 Kxc6 67. Ne5+ Kb5 68. Nxd3 Nxa3 69. h4 Nc4 70. Kf4 a3 71. Nc1 Kc6 72. g5 Kd7 73. Ke4 Ke6 74. Nb3 a2 75. Na1 Nd6+ 76. Kf4 Nc8 77. Kg4 Ne7 78. h5 Ke5 79. Nc2 Ke4 80. g6 Nxg6 81. hxg6 hxg6 82. Kg5 Kf3 83. Kxg6 Ke2 84. Kf5 Kd2 85. Na1 1/2-1/2

[Event "World ol U16"]
[Site "Nakhchivan"]
[Date "2022.10.04"]
[Round "3.15"]
[White "Wang, Pei Shan"]
[Black "Huseynli, Ayan"]
[Result "1-0"]
[WhiteElo "1315"]
[BlackElo "1572"]
[PlyCount "57"]
[EventDate "2022.10.02"]
[EventType "team-swiss"]
[EventRounds "9"]
[EventCountry "AZE"]
[SourceTitle "CBM 210 Extra"]
[Source "ChessBase"]
[SourceDate "2022.11.30"]
[SourceVersion "1"]
[SourceVersionDate "2022.11.30"]
[SourceQuality "1"]
[WhiteTeam "South Africa III"]
[BlackTeam "Azerbaijan III"]
[WhiteTeamCountry "RSA"]
[BlackTeamCountry "AZE"]

1. e4 e6 2. d4 d5 3. exd5 exd5 4. Nf3 Bd6 5. c4 dxc4 6. Bxc4 Nf6 7. Qe2+ Qe7 8. Qxe7+ Bxe7 9. Bf4 c6 10. 0-0 0-0 11. Nc3 Bg4 12. Ne5 Nbd7 13. Nxg4 Nxg4 14. d5 Nge5 15. Be2 cxd5 16. Nxd5 Bc5 17. Rac1 Ng6 18. Bg3 Rac8 19. Bd3 Nde5 20. Bf5 Rc6 21. Rfd1 f6 22. Kf1 Be7 23. Bxe5 fxe5 24. Bxg6 Kh8 25. Nxe7 Rcf6 26. f3 hxg6 27. Re1 Re6 28. Rxe5 Rxe5 29. Nxg6+ 1-0

[Event "World Cup U16 Girls Prel"]
[Site "Tornelo INT"]
[Date "2021.08.06"]
[Round "5"]
[White "Mollo Vega, Katherine"]
[Black "Wang, Pei Shan"]
[Result "1-0"]
[WhiteElo "1299"]
[BlackElo "1135"]
[PlyCount "153"]
[EventDate "2021.08.06"]
[EventType "swiss (rapid)"]
[EventRounds "10"]
[EventCountry "NET"]
[SourceTitle "EXT 2025"]
[Source "ChessBase"]
[SourceDate "2024.10.14"]
[SourceVersion "1"]
[SourceVersionDate "2024.10.14"]
[SourceQuality "1"]

1. e4 e5 2. Nf3 Nc6 3. d4 exd4 4. Nxd4 Nf6 5. Nc3 Bc5 6. Nb3 Bb6 7. Qd3 d6 8. Be3 Ne5 9. Qd2 Bxe3 10. Qxe3 Be6 11. f3 Qe7 12. 0-0-0 Nc4 13. Bxc4 Bxc4 14. Rhe1 b6 15. g4 0-0-0 16. Nd5 Nxd5 17. exd5 Qxe3+ 18. Rxe3 Rhe8 19. Rc3 Ba6 20. Nd4 Rd7 21. Nc6 Kb7 22. a4 Ka8 23. Kd2 Bb7 24. Re1 Rxe1 25. Kxe1 Bxc6 26. dxc6 Re7+ 27. Kf2 Kb8 28. Re3 Re6 29. Rxe6 fxe6 30. Ke3 Kc8 31. Kf4 Kd8 32. c4 Ke7 33. Kg5 Kf7 34. h4 a5 35. b3 d5 36. cxd5 exd5 37. Kf5 d4 38. Ke4 Ke6 39. Kxd4 Kd6 40. f4 Kxc6 41. h5 Kd6 42. g5 c6 43. f5 b5 44. f6 gxf6 45. gxf6 Ke6 46. f7 Kxf7 47. Kc5 bxa4 48. bxa4 Kf6 49. Kb6 Ke5 50. Kxc6 Ke6 51. Kb5 Kd5 52. Kxa5 Kc5 53. h6 Kc6 54. Kb4 Kb6 55. a5+ Ka6 56. Ka4 Ka7 57. Kb5 Kb7 58. Kc5 Ka6 59. Kd6 Kxa5 60. Ke7 Kb6 61. Kf7 Kc7 62. Kg7 Kd7 63. Kxh7 Ke7 64. Kg7 Ke8 65. h7 Ke7 66. h8Q Ke6 67. Qf8 Ke5 68. Qf6+ Ke4 69. Qg5 Kf3 70. Qh4 Kg2 71. Kg6 Kf3 72. Kg5 Kg2 73. Qf4 Kh3 74. Qg4+ Kh2 75. Kf4 Kh1 76. Kf3 Kh2 77. Qg2# 1-0

[Event "World Cup U16 Girls Prel"]
[Site "Tornelo INT"]
[Date "2021.08.06"]
[Round "7"]
[White "Munoz Cortez, Anahi Alexandra"]
[Black "Wang, Pei Shan"]
[Result "1/2-1/2"]
[WhiteElo "1302"]
[BlackElo "1135"]
[PlyCount "142"]
[EventDate "2021.08.06"]
[EventType "swiss (rapid)"]
[EventRounds "10"]
[EventCountry "NET"]
[SourceTitle "EXT 2025"]
[Source "ChessBase"]
[SourceDate "2024.10.14"]
[SourceVersion "1"]
[SourceVersionDate "2024.10.14"]
[SourceQuality "1"]

1. e4 e5 2. Nf3 Nc6 3. Bc4 Bc5 4. d3 h6 5. 0-0 d6 6. h3 Nf6 7. Nc3 Be6 8. Bb3 0-0 9. Nh2 Nh7 10. Kh1 Bxb3 11. axb3 f5 12. f4 fxe4 13. Nxe4 Bb6 14. Qg4 Nf6 15. Qe2 Nd4 16. Qd1 Nxe4 17. dxe4 exf4 18. Bxf4 Kh8 19. c3 Ne6 20. Qg4 Nxf4 21. Rxf4 Rxf4 22. Qxf4 Qf8 23. Rf1 Qxf4 24. Rxf4 Re8 25. Nf1 Kh7 26. h4 g5 27. hxg5 hxg5 28. Rg4 Kg6 29. Kh2 Bf2 30. g3 Bb6 31. Kg2 Rf8 32. Nh2 Rf2+ 33. Kh3 Rxb2 34. Nf3 Be3 35. e5 dxe5 36. Nxe5+ Kf5 37. Nf7 Rxb3 38. Rc4 c6 39. Nd6+ Ke5 40. Nf7+ Ke6 41. Nh6 Bd2 42. Re4+ Kf6 43. Kg4 Rxc3 44. Ng8+ Kg7 45. Ne7 Kf7 46. Nf5 b5 47. Nh6+ Kg6 48. Re6+ Kh7 49. Nf5 a5 50. Kh5 Kg8 51. Kg6 Kf8 52. Ng7 Re3 53. Rf6+ Ke7 54. Rf7+ Kd6 55. Rf6+ Kc5 56. Ne6+ Kb4 57. Nc7 a4 58. Rxc6 a3 59. Na6+ Ka5 60. Nc5 a2 61. Ra6+ Kb4 62. Rxa2 Kxc5 63. Rxd2 b4 64. Rc2+ Kb5 65. Kxg5 Rxg3+ 66. Kf4 Rc3 67. Re2 b3 68. Ke4 Kc4 69. Rd2 b2 70. Rxb2 Rb3 71. Rxb3 Kxb3 1/2-1/2

[Event "World Cup U16 Girls Prel"]
[Site "Tornelo INT"]
[Date "2021.08.06"]
[Round "1"]
[White "Scarsi, Anna Laura"]
[Black "Wang, Pei Shan"]
[Result "1/2-1/2"]
[WhiteElo "1668"]
[BlackElo "1135"]
[PlyCount "95"]
[EventDate "2021.08.06"]
[EventType "swiss (rapid)"]
[EventRounds "10"]
[EventCountry "NET"]
[SourceTitle "EXT 2025"]
[Source "ChessBase"]
[SourceDate "2024.10.14"]
[SourceVersion "1"]
[SourceVersionDate "2024.10.14"]
[SourceQuality "1"]

1. e4 e5 2. Nf3 Nc6 3. d4 exd4 4. Bc4 Bc5 5. c3 d6 6. cxd4 Bb4+ 7. Nc3 Nf6 8. 0-0 h6 9. Re1 0-0 10. d5 Ne7 11. a3 Bc5 12. b4 Bb6 13. h3 Ng6 14. Bb2 Re8 15. Bb5 Bd7 16. Bxd7 Nxd7 17. Nd4 Nde5 18. Na4 Qg5 19. Bc1 Qf6 20. Nxb6 axb6 21. Be3 Nc4 22. a4 Nxe3 23. Rxe3 Re5 24. Rc1 Qe7 25. Nf5 Qd7 26. b5 Ne7 27. Nxe7+ Qxe7 28. Qc2 f5 29. Rce1 Re8 30. f3 fxe4 31. Rxe4 Rxe4 32. Rxe4 Qf7 33. Kh2 Kf8 34. Rxe8+ Qxe8 35. Qe4 Qxe4 36. fxe4 Kf7 37. Kg3 Kf6 38. Kf4 g6 39. g3 g5+ 40. Ke3 Ke5 41. g4 Kf6 42. Kd4 Kf7 43. e5 dxe5+ 44. Kxe5 Ke7 45. Kf5 Kf7 46. Ke5 Ke7 47. Kf5 Kf7 48. Ke5 1/2-1/2